| 000 | 01452nac a22003371u 4500 | ||
|---|---|---|---|
| 010 | _a 00066708 | ||
| 020 | _a0521804124 | ||
| 020 | _a0521009170 (pb.) | ||
| 082 | 0 | 0 |
_a330 _bH4397 |
| 090 |
_c2084 _d2084 |
||
| 100 | _aHirshleifer, Jack. | ||
| 245 | 1 | 4 |
_aThe dark side of the force : _beconomic foundations of conflict theory / _cJack Hirshleifer. |
| 246 | 3 | 0 | _aEconomic foundations of conflict theory |
| 260 |
_aCambridge, UK ; _aNew York : _bCambridge University Press,2001 _c2001. |
||
| 300 |
_aviii, 357 p. : _bill. ; _c24 cm. |
||
| 500 | _aA collection of 14 previously published articles with minor corrections. | ||
| 504 | _aIncludes bibliographical references and indexes. | ||
| 650 | 0 | _aEvolutionary economics. | |
| 650 | 0 |
_aSocial conflict _xEconomic aspects. |
|
| 650 | 0 |
_aWar _xEconomic aspects. |
|
| 650 | 0 | _aLabor disputes. | |
| 650 | 0 | _aCompetition. | |
| 650 | 0 |
_aNegotiation _xEconomic aspects. |
|
| 650 | 0 |
_aCooperativeness _xEconomic aspects. |
|
| 650 | 0 | _aEconomic history. | |
| 856 | 4 | 1 |
_3Sample text _uhttp://www.loc.gov/catdir/samples/cam031/00066708.html |
| 856 | 4 | 1 |
_3Publisher description _uhttp://www.loc.gov/catdir/description/cam021/00066708.html |
| 856 | 4 | 1 |
_3Table of contents _uhttp://www.loc.gov/catdir/toc/cam025/00066708.html |
| 942 |
_cBB _k330H4397 |
||
| 999 |
_c2084 _d2084 |
||